Największe europejskie porty pod względem przeładunku - Statystyki

Ogólne statystyki
  • Ten quiz został rozwiązany 49 razy
  • Średni wynik to 4 z 10
Statystyki odpowiedzi
Tonaż Port % Poprawnych
111 800 000 Port w Hamburgu
98%
77 400 000 Port w Gdańsku
88%
435 800 000 Port w Rotterdamie
88%
277 700 000 Port w Antwerpii-Brugii
44%
83 200 000 Port w Hawrze-Rouen-Paryżu
32%
81 138 594 Port w Walencji
27%
77 537 345 Port w Konstancy
12%
112 500 000 Port w Ust-Łudze
7%
161 400 000 Port w Noworosyjsku
5%
103 646 106 Port w Algeciras
2%
Nie znaleziono quizów pasujących do podanych kryteriów
Rozkład punktacji
Procent ludzi z każdym wynikiem
Percentyl według liczby udzielonych odpowiedzi
Twoja historia wyników
Nie rozwiązałeś tego quizu